00892nam a2200265Ia 450000500170000000800270001702000180004408200190006210000380008124500830011925000170020230000180021949000200023750400270025765000420028465000700032665100540039694200120045026400260046233600270048833700330051533800280054804000350057699900150061120220317000316.0141031s9999 ck 000 0 spa d a978958758240604a320.9861bA73m1 aArizmendi Posada, Ignacio,d1944-10aManual de historia presidencialbColombia 1819-2011 cIgnacio Arizmendi Posada a1a edición a393 páginas aTaurus Historia aIncluye bibliografía142LEMBaPresidentesxHistoriazColombia142LEMBaPresidenteszColombiavAnécdotas, chistes, sátiras, etc14aColombiaxPolítica y gobiernoy1819-2011911487 2ddccBK aMadrid bTaurusc2011 atextobtxt2rdacontent asin mediaciónbn2rdamedia avolumenbnc2rdacarrier aCO-BoRNBPbspaerdacCO-BoRNBP c3688d3688